Rays of the Searching Sun : (Record no. 602412)

MARC details
000 -LEADER
fixed length control field 00508nam a2200193 a 4500
008 - FIXED-LENGTH DATA ELEMENTS--GENERAL INFORMATION
fixed length control field 251211s2009##################000#0#eng##
020 ## - INTERNATIONAL STANDARD BOOK NUMBER
ISBN 9789052015453
082 04 - DEWEY DECIMAL CLASSIFICATION NUMBER
Classification number 895.1152WON
100 1# - MAIN ENTRY--AUTHOR NAME
Personal name Wong, Lisa Lai-Ming,
245 10 - TITLE STATEMENT
Title Rays of the Searching Sun :
260 ## - PUBLICATION, DISTRIBUTION, ETC. (IMPRINT)
Name of publisher Peter Lang,
Year of publication 2009.
300 ## - PHYSICAL DESCRIPTION
Number of Pages 306 pages
650 #0 - SUBJECT ADDED ENTRY--TOPICAL TERM
Topical Term Foreign Language Study.
942 ## - ADDED ENTRY ELEMENTS (KOHA)
Koha item type English Books
Holdings
Withdrawn status Lost status Damaged status Not for loan Home library Current library Date acquired Full call number Accession Number Price effective from Koha item type
        Anna Centenary Library Anna Centenary Library 13.12.2025 895.1152WON 215474 13.12.2025 English Books

Find us on the map